Developing a practical trial for sustainable wetland management based on the environmental and socio-economic functions of melaleuca cajuputi in the Mekong delta
This study exammines thr scientific basic for integration of the environmental and socioeconomic functions of Melaleuca into farming systems and trials a model to achieve this end,...
Đã lưu trong:
| Príomhúdar: | |
|---|---|
| Formáid: | Leabhar |
| Teanga: | Undetermined |
| Foilsithe: |
London
2000
|
| Ábhair: | |
| Clibeanna: |
Cuir Clib Leis
Gan Chlibeanna, Bí ar an gcéad duine leis an taifead seo a chlibeáil!
|
| Thư viện lưu trữ: | Trung tâm Học liệu Trường Đại học Cần Thơ |
|---|
| LEADER | 00873nam a2200217Ia 4500 | ||
|---|---|---|---|
| 001 | CTU_102274 | ||
| 008 | 210402s9999 xx 000 0 und d | ||
| 082 | |a 363.7095978 | ||
| 082 | |b N300 | ||
| 088 | |a 99999999 | ||
| 100 | |a Duong, Van Ni | ||
| 245 | 0 | |a Developing a practical trial for sustainable wetland management based on the environmental and socio-economic functions of melaleuca cajuputi in the Mekong delta | |
| 245 | 0 | |c Duong Van Ni | |
| 260 | |a London | ||
| 260 | |c 2000 | ||
| 520 | |a This study exammines thr scientific basic for integration of the environmental and socioeconomic functions of Melaleuca into farming systems and trials a model to achieve this end,... | ||
| 650 | |a Environmental policy,Vietnam | ||
| 650 | |x Congresses,Economic policy | ||
| 650 | |z Vietnam | ||
| 904 | |i Truc | ||
| 980 | |a Trung tâm Học liệu Trường Đại học Cần Thơ | ||